Disease in the history of modern Latin America : (Record no. 7152)
[ view plain ]
| 000 -LEADER | |
|---|---|
| fixed length control field | 00918cam a2200253 a 4500 |
| 003 - CONTROL NUMBER IDENTIFIER | |
| control field | OCoLC |
| 005 - DATE AND TIME OF LATEST TRANSACTION | |
| control field | 20201125111709.0 |
| 008 - FIXED-LENGTH DATA ELEMENTS--GENERAL INFORMATION | |
| fixed length control field | 021008s2003 ncua b 001 0 eng |
| 020 ## - INTERNATIONAL STANDARD BOOK NUMBER | |
| International Standard Book Number | 0-8223-3057-1 |
| 040 ## - CATALOGING SOURCE | |
| Original cataloging agency | DDC |
| Language of cataloging | English |
| Transcribing agency | DDC |
| Modifying agency | TSSD |
| 082 ## - DEWEY DECIMAL CLASSIFICATION NUMBER | |
| Classification number | 614.428 DIS |
| 245 00 - TITLE STATEMENT | |
| Title | Disease in the history of modern Latin America : |
| Remainder of title | From malaria to AIDS / |
| Statement of responsibility, etc. | (edited by) Diego Armus. |
| 260 ## - PUBLICATION, DISTRIBUTION, ETC. (IMPRINT) | |
| Place of publication, distribution, etc. | Durham : |
| Name of publisher, distributor, etc. | Duke University Press, |
| Date of publication, distribution, etc. | c2003. |
| 300 ## - PHYSICAL DESCRIPTION | |
| Extent | viii, 326 p. : |
| Other physical details | ill. ; |
| Dimensions | 24 cm. |
| 504 ## - BIBLIOGRAPHY, ETC. NOTE | |
| Bibliography, etc | Includes bibliographical references and index. |
| 650 #0 - SUBJECT ADDED ENTRY--TOPICAL TERM | |
| Topical term or geographic name as entry element | Social medicine |
| Geographic subdivision | Latin America. |
| Form subdivision | History. |
| 650 #0 - SUBJECT ADDED ENTRY--TOPICAL TERM | |
| Topical term or geographic name as entry element | Diseases |
| 650 12 - SUBJECT ADDED ENTRY--TOPICAL TERM | |
| Topical term or geographic name as entry element | Social Medicine. |
| 650 22 - SUBJECT ADDED ENTRY--TOPICAL TERM | |
| Topical term or geographic name as entry element | Communicable Disease Control |
| 651 #2 - SUBJECT ADDED ENTRY--GEOGRAPHIC NAME | |
| Geographic name | Latin America. |
| 700 1# - ADDED ENTRY--PERSONAL NAME | |
| Personal name | Armus, Diego. |
| 776 08 - ADDITIONAL PHYSICAL FORM ENTRY | |
| Relationship information | Online version: |
| Title | Disease in the history of modern Latin America. |
| Place, publisher, and date of publication | Durham : Duke University Press, 2003 |
| Record control number | (OCoLC)656500678 |
| 942 ## - ADDED ENTRY ELEMENTS (KOHA) | |
| Source of classification or shelving scheme | Dewey Decimal Classification |
| Koha item type | Book |
| Withdrawn status | Lost status | Source of classification or shelving scheme | Damaged status | Not for loan | Home library | Current library | Shelving location | Date acquired | Source of acquisition | Inventory number | Total Checkouts | Full call number | Barcode | Date last seen | Price effective from | Koha item type |
|---|---|---|---|---|---|---|---|---|---|---|---|---|---|---|---|---|
| Dewey Decimal Classification | Main Library West Wing | Main Library West Wing | General Stacks | 25/11/2020 | UNSW | 0037836 | 614.428 DIS | GU-MLW20110425 | 25/11/2020 | 25/11/2020 | Book |
